000 00703cab a2200217 4500
001 WB3502-20
008 090401t1999 xxu||||| |||| 00| 0 eng d
035 _a(Sirsi) u90650
041 _aeng
245 _aGreen surveys
260 _c1999
350 _a0
490 _aFarmers' Weekly
_v139(2) 8 January 1999, 10(1)
520 _aThe Farming and Wildlife Advisory Group is carrying out environmental surveys on farms owned by Suffolk County Council to assess how wildlife and the landscape can be enhanced without damaging commercial viability.
650 _aFARMS
650 _aNATURE CONSERVATION
650 _aVIABILITY
690 _aRURAL PRACTICE
942 _n0
948 _c12/01/1999
999 _c57477
_d57477